000
00218 a2200097 4500
001
22647
100
_a
Skolnik, M I
245
_a
Introduction to Radar systems
260
_a
_b
McGraw-Hill
_c
1962
090
_c
15300
_d
15300
942
_a
NUST-CAE
_c
M
_c
5893
999
_c
257720
_d
257720